| 000 | 00899 a2200193 4500 | ||
|---|---|---|---|
| 003 | Nust | ||
| 005 | 20170207153416.0 | ||
| 010 | _a 76373666 | ||
| 020 | _a0283982403 : | ||
| 040 | _cNust | ||
| 082 | 0 | 0 | _a357 |
| 100 | 1 | _aTute, Warren. | |
| 245 | 1 | 4 |
_aThe North African war / _c[by] Warren Tute ; foreword by Manfred Rommel. |
| 260 |
_aLondon : _bSidgwick and Jackson, _c1976. |
||
| 300 |
_a223 p. : _bill. (some col.), maps, ports. ; _c26 cm. |
||
| 505 | _aRommel (Page-10) The Grand Strategy (Page-30) The Allies at Bay (Page-46) The Decision for Torch (Page-60) Torch Planning Logistics and Training (Page-74) Behind the Scenes (Page-84) The Western Desert Opens UP (Page-92) The Torch is Lit (Page-104) Alamein (Page-116) Torch (Page-132) The Pincer Close (Page-150) Africa Redeemed (Page-164) | ||
| 538 | _aAlmirah No.54 ,Shelf No.5 | ||
| 650 | 0 |
_aWorld War, 1939-1945 _xCampaigns _zAfrica, North. |
|
| 942 |
_2ddc _cBK |
||
| 999 |
_c185567 _d185567 |
||